Responsabilités parentales: recommandation no R (84) 4 adoptée par le comité des Ministres du conseil de l'Europe le 28 février 1984 et Exposé des motifs
| Körperschaft: | |
|---|---|
| Medienart: | Druck Buch |
| Sprache: | Französisch |
| Veröffentlicht: |
Strasbourg
1984
|
| In: |
Recommandation adoptée par le Comité des Ministres du Conseil de l'Europe (R 84,4)
Jahr: 1984 |
| Bestand in Tübingen: | In Tübingen vorhanden. UB: KB 7 E 23 |
| Verfügbarkeit prüfen: | HBZ Gateway |
| Subito Bestelldienst: | Jetzt bestellen. |
MARC
| LEADER | 00000cam a2200000 c 4500 | ||
|---|---|---|---|
| 001 | 1091027110 | ||
| 003 | DE-627 | ||
| 005 | 20220430121430.0 | ||
| 007 | tu | ||
| 008 | 900717s1984 xx ||||| 00| ||fre c | ||
| 020 | |a 9287103291 |9 92-871-0329-1 | ||
| 035 | |a (DE-627)1091027110 | ||
| 035 | |a (DE-576)021027110 | ||
| 035 | |a (DE-599)BSZ021027110 | ||
| 035 | |a (OCoLC)311285598 | ||
| 035 | |a (DE-604)8060201983 | ||
| 040 | |a DE-627 |b ger |c DE-627 |e rakwb | ||
| 041 | |a fre | ||
| 084 | |a PS 4020 |2 rvk |0 (DE-625)rvk/139828: | ||
| 245 | 0 | 0 | |a Responsabilités parentales |b recommandation no R (84) 4 adoptée par le comité des Ministres du conseil de l'Europe le 28 février 1984 et Exposé des motifs |c Council of Europe |
| 246 | 3 | 0 | |a Parental responsibilities |
| 246 | 3 | 3 | |a Parental responsibilities |
| 264 | 1 | |a Strasbourg |c 1984 | |
| 300 | |a 20 S. | ||
| 336 | |a Text |b txt |2 rdacontent | ||
| 337 | |a ohne Hilfsmittel zu benutzen |b n |2 rdamedia | ||
| 338 | |a Band |b nc |2 rdacarrier | ||
| 490 | 1 | |a Recommandation / Conseil de l'Europe, Comité des Ministres |v R 84,4 | |
| 490 | 0 | |a Affaires juridiques / Council of Europe | |
| 500 | |a Parallelt.: Parental responsibilities | ||
| 710 | 2 | |a Europarat |b Abteilung für Juristische Angelegenheiten |0 (DE-588)1002875-4 |0 (DE-627)103002847 |0 (DE-576)191148466 |4 oth | |
| 810 | 2 | |a Europarat |b Ministerrat |t Recommandation adoptée par le Comité des Ministres du Conseil de l'Europe |v R 84,4 |9 84,4 |w (DE-627)173177026X |w (DE-576)040264858 |w (DE-600)3037319-0 |7 am | |
| 889 | |w (DE-576)468549900 | ||
| 936 | r | v | |a PS 4020 |b Quellen |k Rechtswissenschaft |k Europarecht; Recht der Europäischen Gemeinschaften bzw. der Europäischen Union und der sonstigen europäischen Organisationen; Europäische Rechtsvereinheitlichung |k Europarat |k Quellen |0 (DE-627)1271436396 |0 (DE-625)rvk/139828: |0 (DE-576)201436396 |
| 951 | |a BO | ||
| ELC | |b 1 | ||
| LOK | |0 000 xxxxxcx a22 zn 4500 | ||
| LOK | |0 001 214774753X | ||
| LOK | |0 003 DE-627 | ||
| LOK | |0 004 1091027110 | ||
| LOK | |0 005 19900717000000 | ||
| LOK | |0 008 900717||||||||||||||||ger||||||| | ||
| LOK | |0 040 |a DE-21 |c DE-627 |d DE-21 | ||
| LOK | |0 852 |a DE-21 | ||
| LOK | |0 852 1 |c KB 7 E 23 |9 00 | ||
| LOK | |0 935 |a krim | ||
| LOK | |0 936ln |a k1 | ||
| LOK | |0 939 |a 17-07-90 |b l01 | ||
| ORI | |a SA-MARC-krimdoka001.raw | ||
| SIG | |a UB: KB 7 E 23 | ||
